000 00907cab a2200229 4500
001 WB3303-25
008 090401t1997 xxu||||| |||| 00| 0 eng d
035 _a(Sirsi) u26521
041 _aeng
245 _aNew tenancy laws
260 _c1997
350 _a0
490 _aObserver
_v12 January 1997, B16(1)
520 _aHousing groups claim that new tenancy laws for the private sector, introduced by the Housing Act 1996, could encourage `rogue` landlords. Changes include the scrapping of contractual rights and the introduction of informal verbal agreements which the law will deem as `assured shorthold` tenancies.
650 _aASSURED SHORTHOLD TENANCIES
650 _aHOUSING ACT 1996
650 _aPRIVATE RENTED SECTOR
650 _aRENT ARREARS
690 _aPROPERTY-RESIDENTIAL PROPERTY-RESIDENTIAL LANDLORD AND TENANT-RESIDENTIAL TENANCIES
942 _n0
948 _c04/03/1997
999 _c17829
_d17829